000 00606nam a2200217 i 4500
001 92640
003 ES-MaACL
005 20230906181024.0
007 t|
008 050411s1996 hu ||||1| eng d
020 _a963-13-4226-3
080 _a94(439)
080 _a930.85(439)
100 1 _aLászló, Gyula.
_970509
245 1 4 _aThe magyars
_b: their life and civilisation /
_cby Gyula László.
260 _a[S.l.] :
_bCorvina,
_c[1996]
300 _a363 p. ;
_c19 cm.
650 1 4 _aMagiares.
_914733
651 4 _aHungria-
_xHistoria-
_y896-1301.
_98831
852 _aES-MaACL
_jE-10932
_bR.135770
999 _c92640
_d92640